Time-series land cover and land use monitoring and classification using GIS and remote sensing technology A case study of Binh Duong province, Vietnam /

Elmentve itt :
Bibliográfiai részletek
Szerző: Bui Dang Hung
További közreműködők: Mucsi László (Témavezető)
Dokumentumtípus: Disszertáció
Megjelent: 2023-05-16
Tárgyszavak:
doi:10.14232/phd.11639

mtmt:34131772
Online Access:http://doktori.ek.szte.hu/11639
LEADER 01038nta a2200241 i 4500
001 dokt11639
005 20230908095830.0
008 230228s2023 hu om 0|| eng d
024 7 |a 10.14232/phd.11639  |2 doi 
024 7 |a 34131772  |2 mtmt 
040 |a SZTE Doktori Repozitórium  |b hun 
041 |a eng 
100 1 |a Bui Dang Hung 
245 1 0 |a Time-series land cover and land use monitoring and classification using GIS and remote sensing technology  |h [elektronikus dokumentum] :  |b A case study of Binh Duong province, Vietnam /  |c  Bui Dang Hung 
260 |c 2023-05-16 
502 |a Disszertacio 
650 4 |a földtudományok 
650 4 |a Geoinformáció és térinformáció 
650 4 |a Földmegfigyelés az űrből, távérzékelés 
650 4 |a Térinformatika, térképészet 
700 1 |a Mucsi László  |e ths 
856 4 0 |u https://doktori.bibl.u-szeged.hu/id/eprint/11639/1/dissertation_Hung_20230228.pdf  |z Dokumentum-elérés  
856 4 0 |u https://doktori.bibl.u-szeged.hu/id/eprint/11639/2/booklet_Hung_20230228.pdf  |z Dokumentum-elérés